000 008570000a22002530004500
001 52160
010 _a989-555-132-0
021 _aPT
_b233781/05
100 _a20151026d2015 k y0pory5003 ba
101 0 _apor
102 _aPT
200 1 _aUma vida melhor
_ehistória indecente para os meninos lerem às escondidas
_fAntónio Alçada Baptista
_gil. Teresa Conceição
210 _aCruz Quebrada
_cOficina do Livro
_d2005
215 _a[30] p.
_cil.
606 _92108
_aLiteratura infantojuvenil
_xConto
675 _a821.134.3-93
_vBN
_zpor
700 1 _98599
_aBaptista
_bAntónio Alçada
_f1927-2008
702 1 _914846
_4440
_aConceição
_bTeresa
801 _aPT
_c20151026
856 _uhttps://www.google.com/?gws_rd=ssl
859 _zMais informação
090 _a52160
942 _cANA
_n0
999 _a52160